| 000 | 00590nam a2200241Ia 4500 | ||
|---|---|---|---|
| 005 | 20250425161817.0 | ||
| 008 | 250425s9999 xx 000 0 und d | ||
| 020 | _a8428321779 | ||
| 041 | _aspa | ||
| 082 | _a658.562 | ||
| 100 | _aHOYLE, DAVID | ||
| 245 | 0 | _aISO 9000 MANUAL DE SISTEMAS DE CALIDAD | |
| 250 | _a1A ED. | ||
| 260 |
_aEspaƱa _bPARANINFO _c1995 |
||
| 260 | _aMADRID | ||
| 300 | _a443 | ||
| 650 | _aGESTION EMPRESARIAL | ||
| 650 | _aNORMAS ISO 9000 | ||
| 650 | _aSISTEMAS DE CALIDAD | ||
| 700 |
_aMARIA JOSE GOMEZ _etraductor |
||
| 942 | _c01 | ||
| 010 | _a30641 | ||
| 999 |
_c216584 _d216584 |
||